| 000 | 00759nam a22002897a 4500 | ||
|---|---|---|---|
| 001 | BR0503507 | ||
| 003 | BR-BrBNA | ||
| 005 | 20230928101944.0 | ||
| 007 | ta | ||
| 008 | 230509b bl.||||| |||| 00| 0 por d | ||
| 040 |
_aBR-BrBNA _bpor _cBiblioteca Nacional de Agricultura |
||
| 041 | _a(Por) | ||
| 072 | _aP10 | ||
| 090 | _ P10 BR0503507 | ||
| 100 | 1 | _aLima, C.N. | |
| 245 | 1 | _aBarragens subterrâneas; uma opção para o semi-árido | |
| 260 | 3 |
_aRecife, PE (Brasil): _c2000. |
|
| 300 | _a24 p. | ||
| 500 | _a39 illus. | ||
| 650 | _aBARRAGEM SUBTERRÂNEA | ||
| 650 | _aDISPONIBILIDADE DE ÁGUA | ||
| 650 | _aABASTECIMENTO DE ÁGUA | ||
| 650 | _aÁGUA DO SOLO | ||
| 650 | _aNORDESTE | ||
| 909 |
_a202309 _bLucia _c55 _dLucia Elande |
||
| 942 | _cBK | ||
| 999 |
_c68405 _d68405 |
||